Don Quixote/ (Record no. 167445)

MARC details
000 -LEADER
fixed length control field 00559nam a22001937a 4500
005 - DATE AND TIME OF LATEST TRANSACTION
control field 20191003125637.0
010 ## - LCCN (DPL NO)
LC control number ENG-126402
020 ## - INTERNATIONAL STANDARD BOOK NUMBER
Terms of availability 250.00
International Standard Book Number 978-93-52230-80-8
035 ## - SYSTEM CONTROL NUMBER
System control number EN-109934
037 ## - SOURCE OF ACQUISITION
Source of stock number/acquisition DBAD/PUB
082 ## - DEWEY DECIMAL CLASSIFICATION NUMBER
Classification number N
100 ## - MAIN ENTRY--PERSONAL NAME
Personal name Cervantes,Miguel De
245 ## - TITLE STATEMENT
Title Don Quixote/
Statement of responsibility, etc by Miguel De Cervantes
260 ## - PUBLICATION, DISTRIBUTION, ETC. (IMPRINT)
Place of publication, distribution, etc Noida
Name of publisher, distributor, etc Maple Press Private Limited
Date of publication, distribution, etc 2017
270 ## - ADDRESS
City Noida
Address A63, Sector 58 , Noida
Postal code 201301
Telephone number 911204553581
Electronic mail address info@maplepress.co.in
300 ## - PHYSICAL DESCRIPTION
Extent 461p.
Dimensions 22cm(pbk)
650 ## - SUBJECT ADDED ENTRY--TOPICAL TERM
Topical term or geographic name as entry element ENGLISH NOVEL
942 ## - ADDED ENTRY ELEMENTS (KOHA)
Source of classification or shelving scheme Dewey Decimal Classification
Item type English Books
Classification part N
Call number suffix CER
Holdings
Withdrawn status Lost status Not for loan Collection code Home library Current library Date acquired Source of acquisition Cost, normal purchase price Full call number Barcode Copy number Cost, replacement price Koha item type
      Fiction Ashok Vihar Ashok Vihar 03/09/2019 DBAD/PUB 250.00 N CER EN-109934 1 250.00 English Books

© Delhi Public Library
Hit Counter
free hit counter